[Event "Regionalliga SW 0506"]
[Site "Bayern"]
[Date "2006.04.02"]
[Round "9.8"]
[White "Pleyer, Felix"]
[Black "Schulz Nottar, Wynfried"]
[Result "1-0"]
[WhiteElo "1952"]
[BlackElo "1707"]
[PlyCount "117"]
[EventDate "2005.10.23"]
[EventType "team-tourn"]
[EventRounds "9"]
[EventCountry "GER"]
[SourceTitle "EXT 2007"]
[Source "ChessBase"]
[SourceDate "2006.11.23"]
[SourceVersion "1"]
[SourceVersionDate "2006.11.23"]
[SourceQuality "1"]

1. Nf3 Nf6 2. c4 e6 3. Nc3 Be7 4. e4 d6 5. d4 h6 6. Bd3 Nbd7 7. e5 Ng8 8. Qe2 g5 9. b3 dxe5 10. dxe5 c6 11. Bb2 a5 12. Rd1 Qc7 13. Ne4 g4 14. Nd6+ Kf8 15. Nxf7 Kxf7 16. Qe4 gxf3 17. Rg1 Bb4+ 18. Kf1 Ne7 19. Qh4 Ke8 20. gxf3 Qb6 21. Rg7 Kd8 22. c5 Bxc5 23. Bc4 Kc7 24. Rxe7 Bxe7 25. Qxe7 Qb4 26. Rd6 Kb8 27. a3 Qb6 28. Bxe6 Nc5 29. Bf7 Bh3+ 30. Ke2 Nxb3 31. Qf6 Rf8 32. Rd3 Nc5 33. Bd4 Nd7 34. Qxh6 c5 35. Qxh3 cxd4 36. Qxd7 Rd8 37. Qf5 Qb2+ 38. Kf1 Qb1+ 39. Kg2 Ra6 40. e6 Rd5 41. Qf4+ Ka7 42. Rxd4 Rb5 43. Re4 Qd1 44. Qe3+ Rab6 45. Qe1 Rg5+ 46. Kh3 Qxf3+ 47. Kh4 Qf6 48. Qe2 Qe7 49. Qe3 Re5+ 50. Kg4 Rxe4+ 51. Qxe4 Rb5 52. f4 Rb6 53. h4 Rd6 54. Qe5 b6 55. f5 Rc6 56. Qd5 Rd6 57. f6 Qc7 58. Qxd6 Qxd6 59. e7 1-0